000 01088pam a2200277 a 4500
001 2016594
003 OSt
005 20240612105053.0
008 911120s1992 nyua b 001 0 eng
010 _a 91043999
020 _a0471548685 (alk. paper)
040 _aMUST LIB
_cMUST
_dMUST
050 0 0 _aQA374
_b.S86 1992
082 0 0 _a515/.353
_bSTR
100 1 _aStrauss, Walter A.,
_d1937-
_917085
245 1 0 _aPartial differential equations :
_ban introduction /
_cWalter A. Strauss.
260 _aNew York :
_bWiley,
_cc1992.
300 _aix, 425 p. :
_bill. ;
_c25 cm.
504 _aIncludes bibliographical references (p. 397-399) and index.
650 0 _aDifferential equations, Partial.
_9712
856 4 2 _3Publisher description
_uhttp://www.loc.gov/catdir/description/wiley037/91043999.html
856 4 _3Table of Contents
_uhttp://www.loc.gov/catdir/toc/onix01/91043999.html
906 _a7
_bcbc
_corignew
_d1
_eocip
_f19
_gy-gencatlg
942 _2z
_cBOOK
999 _c8401
_d8401